Estadísticas para Banderas de Países que están la Copa Mundial de la FIFA del 2022

Haz click aquí para intentar la prueba.

Estadísticas generales

  • Esta prueba ha sido intentada 58 veces
  • La puntuación promedio es 29 de 31

Estadísticas de respuestas

Respuesta% Correcto
Catar
100%
Alemania
98%
Argentina
98%
Brasil
98%
Corea del Sur
98%
España
98%
Estados Unidos
98%
Francia
98%
Portugal
98%
Arabia Saudita
96%
Australia
96%
Bélgica
96%
Canada
96%
Japón
96%
Mexico
96%
Paises Bajos
96%
Polonia
96%
Suiza
96%
Uruguay
96%
Ecuador
94%
Inglaterra
94%
Marruecos
94%
Dinamarca
92%
Iran
92%
Senegal
92%
Serbia
92%
Camerún
90%
Gales
90%
Costa Rica
88%
Ghana
87%
Túnez
87%

Distribución de puntuación

Porcentaje por número respondido

Porcentaje de gente con cada puntuación

Historial de tus puntuaciones

No has intentado esta prueba.